• 首页
  • 本馆介绍
  • 公告通知
  • 最新文献
  • 馆藏检索
  • 电子资源
  • 读者导购
  • 参考咨询
  • 我的图书馆
  • 登录
  • 详细信息显示
  • 放入我的书架
  • 预约/预借图书
  • 作者相关作品
  • 分类相关作品
  • 丛书相关作品
  • 出版社相关作品

书目信息

  • 表格格式
  • 工作单格式
  • 卡片格式
题名:
毛泽东与郭沫若
    
 
作者: 季国平 著
分册:  
出版信息: 北京   中国青年出版社  2008
页数: 352页
开本: 24cm
丛书名: 毛泽东与政要交往书系
单 册:
中图分类: K825.6=73 , A752
科图分类:
主题词: 毛泽东--生平事迹 , 毛泽东--传记
电子资源:
ISBN: 978-7-5006-8063-5
000 01019oam2 2200325 450
001 1260480265
005 20090929111221.85
010    @a978-7-5006-8063-5@dCNY27.00
100    @a20080418d2008 em y0chiy50 ea
101 0  @achi
102    @aCN@b110000
105    @aa z 000yd
106    @ar
200 1  @a毛泽东与郭沫若@f季国平著@Amao ze dong yu guo mo ruo
210    @a北京@c中国青年出版社@d2008
215    @a352页@c照片@d24cm
225 2  @a毛泽东与政要交往书系
330    @a本书以历史为经,人物交往为纬,全面表现毛泽东与郭沫若这两个现代中国历史上重要人物的交往活动和友情发展。
461  0 @1001003743191
600  0 @a毛泽东@f(1893-1976)
600  0 @a毛泽东@f(1893-1976)@x生平事迹
600  0 @a郭沫若@f(1892-1978)@x生平事迹
600  0 @a郭沫若@f(1892-1978)
606 0  @a毛泽东@x生平事迹
606 0  @a毛泽东@x传记
690    @aK825.6=73@v4
690    @aA752@v4
701  0 @a季国平@f(1956~)@4著@Aji guo ping
801  0 @aCN@b110120@c20080305
905    @a10447@dA752@eJY58
    
    毛泽东与郭沫若/季国平著.-北京:中国青年出版社,2008
    352页:照片;24cm .-(毛泽东与政要交往书系 )
    
    
    ISBN 978-7-5006-8063-5:CNY27.00
    本书以历史为经,人物交往为纬,全面表现毛泽东与郭沫若这两个现代中国历史上重要人物的交往活动和友情发展。
●
相关链接 在E读中查询图书 在五车中查询图书 在当当中查询图书 在豆瓣中查询图书


正题名:毛泽东与郭沫若     索取号:A752/JY58         预约/预借

序号 登录号 条形码 馆藏地/架位号 状态 备注
1 7809386   278093867   学院路分馆/ [索取号:A752/JY58] 在馆    
2 7809387   278093876   学院路分馆/ [索取号:A752/JY58] 在馆    
3 7809388   278093885   学院路分馆/ [索取号:A752/JY58] 在馆    
唐山师范学院图书馆 欢迎您!
大连网信软件有限公司© 版权所有